<?xml version="1.0" encoding="UTF-8"?>
<record
    xmlns:xsi="http://www.w3.org/2001/XMLSchema-instance"
    xsi:schemaLocation="http://www.loc.gov/MARC21/slim http://www.loc.gov/standards/marcxml/schema/MARC21slim.xsd"
    xmlns="http://www.loc.gov/MARC21/slim">

  <leader>01164cam a2200265 a 4500</leader>
  <controlfield tag="001">000001059</controlfield>
  <controlfield tag="005">20200929145454.0</controlfield>
  <controlfield tag="008">010716m2000    it       b    001 0 ita  </controlfield>
  <datafield tag="020" ind1=" " ind2=" ">
    <subfield code="a">8871251903 (v. 3)</subfield>
  </datafield>
  <datafield tag="040" ind1=" " ind2=" ">
    <subfield code="a">DO-SdBNP</subfield>
    <subfield code="c">DLC</subfield>
    <subfield code="d">DLC</subfield>
  </datafield>
  <datafield tag="043" ind1=" " ind2=" ">
    <subfield code="a">e-it---</subfield>
  </datafield>
  <datafield tag="082" ind1=" " ind2=" ">
    <subfield code="a">945.21</subfield>
    <subfield code="b">L432c</subfield>
  </datafield>
  <datafield tag="100" ind1="1" ind2=" ">
    <subfield code="a">Lazzarini, Isabella</subfield>
    <subfield code="9">3636</subfield>
  </datafield>
  <datafield tag="245" ind1="1" ind2="0">
    <subfield code="a">Carteggio degli oratori mantovani alla corte sforzesca (1450-1500) /</subfield>
    <subfield code="c">Isabella Lazzarini, coordinaci&#xF3;n y direcci&#xF3;n de Franca Leverotti.</subfield>
  </datafield>
  <datafield tag="260" ind1=" " ind2=" ">
    <subfield code="a">Roma :</subfield>
    <subfield code="b">Ministero per i beni e le attivit&#xE0; culturali, Ufficio centrale per i beni archivistici :</subfield>
    <subfield code="b">Vendita, Istituto poligrafico e Zecca dello Stato, Libreria dello Stato,</subfield>
    <subfield code="c">2000.</subfield>
  </datafield>
  <datafield tag="300" ind1=" " ind2=" ">
    <subfield code="a">v. ;</subfield>
    <subfield code="c">24 cm.</subfield>
  </datafield>
  <datafield tag="440" ind1=" " ind2="0">
    <subfield code="a">Publicaciones de los Archivos de Estado</subfield>
    <subfield code="9">3637</subfield>
  </datafield>
  <datafield tag="651" ind1=" " ind2="4">
    <subfield code="a">Mil&#xE1;n (Italia{Rpara}</subfield>
    <subfield code="x">Historia</subfield>
    <subfield code="y">1492-1559</subfield>
    <subfield code="9">3638</subfield>
  </datafield>
  <datafield tag="651" ind1=" " ind2="4">
    <subfield code="a">Mil&#xE1;n (Italia{Rpara}</subfield>
    <subfield code="x">Relaciones Exteriores</subfield>
    <subfield code="9">3639</subfield>
  </datafield>
  <datafield tag="651" ind1=" " ind2="4">
    <subfield code="a">Mil&#xE1;n (Italia{Rpara}</subfield>
    <subfield code="x">Corte Y Cortesanos</subfield>
    <subfield code="9">3640</subfield>
  </datafield>
  <datafield tag="650" ind1=" " ind2="4">
    <subfield code="a">Diplom&#xE1;ticos</subfield>
    <subfield code="v">CORRESPONDENCIA, MEMORIAS, ETC.</subfield>
    <subfield code="9">3641</subfield>
  </datafield>
  <datafield tag="700" ind1="1" ind2=" ">
    <subfield code="a">Leverotti, Franca.</subfield>
    <subfield code="9">3642</subfield>
  </datafield>
  <datafield tag="710" ind1="2" ind2=" ">
    <subfield code="a">Archivio Gonzaga di Mantova.</subfield>
    <subfield code="9">3643</subfield>
  </datafield>
  <datafield tag="910" ind1=" " ind2=" ">
    <subfield code="a">Catalogaci&#xF3;n por copia / LC</subfield>
  </datafield>
  <datafield tag="952" ind1=" " ind2=" ">
    <subfield code="0">0</subfield>
    <subfield code="1">0</subfield>
    <subfield code="5">2</subfield>
    <subfield code="7">5</subfield>
    <subfield code="8">DS</subfield>
    <subfield code="a">BNPHU</subfield>
    <subfield code="b">BNPHU</subfield>
    <subfield code="c">HD</subfield>
    <subfield code="d">2009-06-29</subfield>
    <subfield code="i">LF1</subfield>
    <subfield code="l">0</subfield>
    <subfield code="o">945.21 L432c</subfield>
    <subfield code="p">1059-10</subfield>
    <subfield code="r">2020-06-25</subfield>
    <subfield code="w">2020-06-25</subfield>
    <subfield code="y">LF1</subfield>
    <subfield code="Z">Pr&#xE9;stamo interno</subfield>
  </datafield>
  <datafield tag="999" ind1=" " ind2=" ">
    <subfield code="c">1027</subfield>
    <subfield code="d">1027</subfield>
  </datafield>
</record>
